| 000 | 00745cam a22002415a 4500 | ||
|---|---|---|---|
| 001 | L154854 | ||
| 008 | 120124s1933 xxk f 000 0 eng d | ||
| 035 | _a(Sirsi) u154854 | ||
| 041 | 0 | _aeng | |
| 050 | 0 | 4 | _a522.11 $2 18 |
| 110 | 1 |
_aOrdnance Survey _91860 |
|
| 245 | 0 | 0 |
_aFurther notes on the geodesy of the British Isles _bincluding geodetic surveys of the Crown Colonies |
| 260 |
_aLondon _bHMSO _c1933 |
||
| 300 |
_a46p. _bill. _c31cm. |
||
| 490 | 0 |
_aOrdnance Survey Professional Papers _v(15) new series |
|
| 520 | _aCovers Great Britain, Asia, Africa and British Honduras (now Belize). | ||
| 651 | 4 |
_aGreat Britain _y1707- |
|
| 651 | 4 | _aAsia | |
| 651 | 4 | _aAfrica | |
| 651 | 4 | _aBelize | |
| 690 |
_aMeasurement _96256 |
||
| 942 | _n0 | ||
| 999 |
_c113199 _d113199 |
||